[Event "51 C.I.S. Promozione Veneto 2"]
[Site "?"]
[Date "2019.03.17"]
[Round "4.1"]
[White "Lucich, Gianni"]
[Black "Macalello, Angelo"]
[Result "1/2-1/2"]
[WhiteElo "1563"]
[BlackElo "1618"]
[PlyCount "89"]
[EventDate "2019.??.??"]
[WhiteTeam "L'Alfiere"]
[BlackTeam "I Cavalli del Battinelli"]

1. d4 Nf6 2. c4 g6 3. Nc3 Bg7 4. e4 d6 5. Nf3 O-O 6. Be2 e5 7. O-O exd4 8. Nxd4
Re8 9. f3 c6 10. Be3 Nbd7 11. Qd2 Ne5 12. Rad1 Qc7 13. b4 Be6 14. Nxe6 Rxe6 15.
Bf4 Nh5 16. Bxe5 Bxe5 17. Kh1 Ng7 18. a4 Rae8 19. Rfe1 f5 20. Bd3 f4 21. Bc2 g5
22. Bb3 Kh8 23. Ne2 Rh6 24. c5 Nh5 25. Kg1 Qc8 26. Nd4 Ng7 27. Qc2 Qd8 28. cxd6
Rxd6 29. Ne2 Qb6+ 30. Qc5 Qxc5+ 31. bxc5 Rdd8 32. Rxd8 Rxd8 33. Rd1 Rxd1+ 34.
Bxd1 Ne6 35. Nc1 Nxc5 36. Kf1 a5 37. Ke2 b5 38. axb5 cxb5 39. Nb3 Nxb3 40. Bxb3
Kg7 41. Kd3 Kf6 42. Bd5 Ke7 43. Bc6 b4 44. Kc4 Kd6 45. Ba4 1/2-1/2

[Event "51 C.I.S. Promozione Veneto 2"]
[Site "?"]
[Date "2019.03.17"]
[Round "4.2"]
[White "Curto, Carlo Alberto"]
[Black "Steffenato, Stefano"]
[Result "0-1"]
[WhiteElo "1577"]
[BlackElo "1535"]
[PlyCount "110"]
[EventDate "2019.??.??"]
[WhiteTeam "I Cavalli del Battinelli"]
[BlackTeam "L'Alfiere"]

1. e4 e5 2. Nf3 d6 3. h3 Nf6 4. Nc3 Be6 5. d4 exd4 6. Nxd4 Qe7 7. Nxe6 Qxe6 8.
Qe2 c6 9. b3 g6 10. Bb2 Bg7 11. O-O-O O-O 12. f4 a5 13. g4 Na6 14. f5 gxf5 15.
gxf5 Qe7 16. Qf3 Kh8 17. Be2 Nc5 18. Bd3 a4 19. b4 Ncd7 20. a3 Ne5 21. Qe2 Rfc8
22. Qg2 c5 23. b5 Nh5 24. Nd5 Nxd3+ 25. Rxd3 Bxb2+ 26. Kxb2 Qe5+ 27. Nc3 Nf4
28. Qd2 Nxd3+ 29. Qxd3 Rg8 30. Rd1 Rg3 31. Qd2 Rag8 32. Rh1 Rf3 33. Rd1 Rgg3
34. Qxd6 Qxd6 35. Rxd6 Rxc3 36. f6 h5 37. Rd7 Kg8 38. Rd8+ Kh7 39. Rd7 Kg6 40.
Rxb7 Kxf6 41. Ra7 Rce3 42. Rxa4 Rg8 43. Rc4 Rc8 44. a4 Ke5 45. a5 Kd6 46. a6
Rb8 47. Ra4 Rxb5+ 48. Kc1 Rb8 49. a7 Ra8 50. Kd2 Rxh3 51. c3 Rg3 52. Kc2 h4 53.
e5+ Kxe5 54. Rxh4 Rxa7 55. Rh5+ f5 0-1

[Event "51 C.I.S. Promozione Veneto 2"]
[Site "?"]
[Date "2019.03.17"]
[Round "4.3"]
[White "Steffenato, Alberto"]
[Black "Leone, Cataldo"]
[Result "0-1"]
[WhiteElo "1290"]
[BlackElo "1490"]
[PlyCount "100"]
[EventDate "2019.??.??"]
[WhiteTeam "L'Alfiere"]
[BlackTeam "I Cavalli del Battinelli"]

1. f4 d5 2. Nf3 Nc6 3. e3 Nf6 4. b3 Bf5 5. Bb2 Nb4 6. Na3 e6 7. Be2 h6 8. O-O
Bd6 9. Nh4 Bh7 10. f5 Ne4 11. Qe1 Nxd2 12. Qxd2 Qxh4 13. g3 Bxg3 14. hxg3 Qxg3+
15. Kh1 Bxf5 16. Bd3 Nxd3 17. cxd3 O-O-O 18. Rac1 Qh3+ 19. Qh2 Qxh2+ 20. Kxh2
f6 21. d4 h5 22. Rg1 g5 23. Nb5 Rd7 24. Nxa7+ Kb8 25. Nb5 h4 26. Nc3 g4 27. Ne2
Rg7 28. Rg2 Be4 29. Rgg1 Kc8 30. Nc3 Bf3 31. Rcf1 Rhg8 32. Ba3 f5 33. Bb2 Kd7
34. Ba3 Ke8 35. Bb2 c6 36. Nb1 Kf7 37. Nd2 Be2 38. Re1 Bd3 39. Ba3 Kg6 40. Bd6
Kh5 41. Bf4 g3+ 42. Kh3 Ra8 43. a4 b5 44. axb5 cxb5 45. Ra1 Rga7 46. Rxa7 Rxa7
47. Nf3 Ra2 48. Rh1 Be4 49. Bxg3 Bxf3 50. Rf1 Bg4# 0-1

[Event "51 C.I.S. Promozione Veneto 2"]
[Site "?"]
[Date "2019.03.17"]
[Round "4.4"]
[White "Antolini, Aldo"]
[Black "Conte, Edoardo"]
[Result "0-1"]
[WhiteElo "1560"]
[BlackElo "1402"]
[PlyCount "136"]
[EventDate "2019.??.??"]
[WhiteTeam "I Cavalli del Battinelli"]
[BlackTeam "L'Alfiere"]

1. d4 Nf6 2. c4 g6 3. Nf3 Bg7 4. Nc3 d6 5. e3 O-O 6. Be2 Nc6 7. h3 e5 8. d5 Ne7
9. e4 Nd7 10. O-O f5 11. exf5 Nxf5 12. Bg5 Nf6 13. Ne4 h6 14. Nxf6+ Bxf6 15.
Bxf6 Qxf6 16. Qd2 Kh7 17. Nh2 h5 18. Rae1 Nh4 19. Bd1 Bd7 20. Qe3 b5 21. b3
bxc4 22. bxc4 Rab8 23. Nf3 Nxf3+ 24. Bxf3 Bxh3 25. Bxh5 Bxg2 26. Kxg2 gxh5 27.
Rh1 Qg6+ 28. Kf1 Rb2 29. Re2 Rb1+ 30. Re1 Rxe1+ 31. Qxe1 Qd3+ 32. Qe2 Qxe2+ 33.
Kxe2 Kh6 34. Rb1 Rf4 35. Rb7 Rxc4 36. Rxa7 h4 37. Ra8 Kg5 38. Kf3 Rf4+ 39. Kg2
Rd4 40. a4 Kg4 41. a5 h3+ 42. Kh2 Rd2 43. Rg8+ Kf3 44. Kxh3 Ra2 45. Ra8 Kxf2
46. a6 Ke3 47. Ra7 Kd4 48. Rxc7 Rxa6 49. Rc6 Ra3+ 50. Kg2 Kxd5 51. Rc1 Rd3 52.
Kf2 Kd4 53. Ra1 Rd2+ 54. Ke1 Ke3 55. Ra3+ Rd3 56. Ra4 d5 57. Ra2 Ke4 58. Ke2
Re3+ 59. Kd2 Kf3 60. Ra8 d4 61. Rd8 d3 62. Rf8+ Ke4 63. Re8 Re2+ 64. Kd1 Kf3
65. Rf8+ Ke3 66. Rh8 Rf2 67. Rh3+ Rf3 68. Rh1 d2 0-1

[Event "51 C.I.S. Promozione Veneto 2"]
[Site "?"]
[Date "2019.03.17"]
[Round "4.1"]
[White "Mamaliga, Daniel"]
[Black "Cordioli, Luca"]
[Result "0-1"]
[WhiteElo "1422"]
[BlackElo "1814"]
[PlyCount "96"]
[EventDate "2019.??.??"]
[WhiteTeam "Valpolicella B"]
[BlackTeam "I Leoncini del Perezz"]

1. e4 c5 2. Nf3 d6 3. Bc4 Nc6 4. c3 Nf6 5. Qc2 g6 6. d3 Bg7 7. O-O O-O 8. Nbd2
a6 9. Re1 Qc7 10. Nf1 b5 11. Bd5 Bb7 12. Bg5 e6 13. Bxc6 Qxc6 14. a4 bxa4 15.
Rxa4 Nd7 16. Raa1 Kh8 17. Qd2 d5 18. Ng3 Nb6 19. Bh6 f6 20. Bxg7+ Kxg7 21. h4
e5 22. Nh2 dxe4 23. dxe4 Rfd8 24. Qe3 f5 25. f3 f4 26. Nh5+ gxh5 27. Qf2 Rac8
28. g3 fxg3 29. Qxg3+ Qg6 30. Qxg6+ hxg6 31. Nf1 Nc4 32. b3 Nd2 33. Ne3 Nxf3+
34. Kf2 Nxe1 35. Kxe1 Rd3 36. Nc4 Re8 37. Ke2 Rxc3 38. Nd6 Re7 39. Nxb7 Rxb7
40. Rxa6 Rbxb3 41. Ra7+ Kh6 42. Rd7 Rb2+ 43. Rd2 Rxd2+ 44. Kxd2 Ra3 45. Ke2 Ra8
46. Kd3 Rc8 47. Kc4 Kg7 48. Kc3 c4 0-1

[Event "51 C.I.S. Promozione Veneto 2"]
[Site "?"]
[Date "2019.03.17"]
[Round "4.2"]
[White "Bonavigo, Claudio"]
[Black "Morandini, Ivan"]
[Result "1-0"]
[WhiteElo "1704"]
[BlackElo "1257"]
[PlyCount "91"]
[EventDate "2019.??.??"]
[WhiteTeam "I Leoncini del Perezz"]
[BlackTeam "Valpolicella B"]

1. e4 e5 2. Nf3 Nc6 3. d4 exd4 4. Nxd4 Bc5 5. Be3 Qf6 6. c3 a6 7. Bc4 Nge7 8.
O-O O-O 9. Nxc6 Qxc6 10. Bxc5 Qxc5 11. Bb3 Nc6 12. Nd2 b5 13. Kh1 Bb7 14. Bc2
Rfe8 15. f3 a5 16. Nb3 Qg5 17. Qxd7 Qd8 18. Qh3 Qe7 19. f4 Rad8 20. e5 g6 21.
Rad1 a4 22. Nd2 Ba6 23. Ne4 Rxd1 24. Rxd1 Rd8 25. Qh6 Rxd1+ 26. Bxd1 Nxe5 27.
fxe5 Qxe5 28. Qh4 Qf5 29. Qd8+ Kg7 30. Qd4+ Kg8 31. Nf6+ Kg7 32. Ng4+ Kf8 33.
Kg1 Qe6 34. Qc5+ Kg7 35. Qe5+ Qxe5 36. Nxe5 Kf6 37. Nd7+ Ke6 38. Nc5+ Ke5 39.
Nxa6 Kd6 40. Nb4 c6 41. Kf2 c5 42. Nc2 Kc7 43. a3 Kd6 44. Bf3 f6 45. Ke3 Ke5
46. Bc6 1-0

[Event "51 C.I.S. Promozione Veneto 2"]
[Site "?"]
[Date "2019.03.17"]
[Round "4.3"]
[White "Popa, Elisa Sofia"]
[Black "Del Colle, Raffaele"]
[Result "1/2-1/2"]
[WhiteElo "1389"]
[BlackElo "1731"]
[PlyCount "47"]
[EventDate "2019.??.??"]
[WhiteTeam "Valpolicella B"]
[BlackTeam "I Leoncini del Perezz"]

1. e4 c5 2. Nc3 d6 3. Bc4 Nf6 4. d3 e6 5. Bg5 Be7 6. Bxf6 Bxf6 7. Nge2 Nc6 8.
O-O O-O 9. h3 a6 10. a4 b6 11. Qd2 Bb7 12. Rfe1 Qc7 13. Nd1 Rad8 14. c3 d5 15.
exd5 exd5 16. Ba2 d4 17. Bc4 dxc3 18. Ndxc3 Ne5 19. Qf4 Rd7 20. Red1 Rfd8 21.
Rd2 Nxc4 22. Qxc4 g6 23. Rad1 Qc6 24. Ne4 1/2-1/2

[Event "51 C.I.S. Promozione Veneto 2"]
[Site "?"]
[Date "2019.03.17"]
[Round "4.4"]
[White "De Paoli, Emilio"]
[Black "Stopato, Michele"]
[Result "1-0"]
[WhiteElo "1718"]
[BlackElo "1419"]
[PlyCount "61"]
[EventDate "2019.??.??"]
[WhiteTeam "I Leoncini del Perezz"]
[BlackTeam "Valpolicella B"]

1. e4 e5 2. Nf3 Nc6 3. d4 Nf6 4. d5 Nb4 5. c3 Na6 6. Bxa6 bxa6 7. Bg5 Be7 8.
Nbd2 d6 9. h3 Bb7 10. O-O O-O 11. b4 Re8 12. Qc2 Rc8 13. Nb3 Nxe4 14. Bxe7 Qxe7
15. Qxe4 c6 16. c4 cxd5 17. cxd5 Qd7 18. Rfd1 Qb5 19. Na5 Ba8 20. a4 Qb6 21.
Ra3 Re7 22. Ng5 g6 23. Qh4 f5 24. Ne6 Rf7 25. Rdd3 f4 26. Rac3 Rxc3 27. Rxc3
Bb7 28. Nc6 Bxc6 29. dxc6 Qxb4 30. Qd8+ Rf8 31. Qxf8# 1-0

[Event "51 C.I.S. Promozione Veneto 2"]
[Site "?"]
[Date "2019.03.17"]
[Round "5.1"]
[White "Perryman, Marcus"]
[Black "Ghiotto, Marco Luigi"]
[Result "0-1"]
[WhiteElo "1911"]
[BlackElo "1998"]
[PlyCount "88"]
[EventDate "2019.??.??"]
[WhiteTeam "I Leoncini del Perezz"]
[BlackTeam "Scacchi Berici 1"]

1. e4 e6 2. d4 d5 3. Nc3 Nf6 4. e5 Nfd7 5. f4 c5 6. Nf3 Nc6 7. Be3 a6 8. Qd2 b5
9. Ne2 Qb6 10. dxc5 Bxc5 11. Ned4 b4 12. Be2 a5 13. O-O Ba6 14. Bxa6 Rxa6 15.
Kh1 O-O 16. Rae1 Nxd4 17. Nxd4 Rc8 18. Bg1 Bxd4 19. Bxd4 Qc7 20. c3 bxc3 21.
Bxc3 Nc5 22. Qe2 Rc6 23. Qg4 Ne4 24. f5 exf5 25. Qxf5 Nxc3 26. bxc3 Re8 27. Rf3
Rxc3 28. Rxc3 Qxc3 29. Rf1 Qc7 30. Re1 d4 31. h3 g6 32. Qe4 Qd7 33. Rd1 Rd8 34.
Rd3 Qd5 35. Qxd5 Rxd5 36. Kh2 Kg7 37. Kg3 Rxe5 38. Rxd4 Re3+ 39. Kf4 Re2 40. a4
Rxg2 41. Rd5 Rf2+ 42. Ke4 Rf5 43. Rxf5 gxf5+ 44. Kxf5 f6 0-1

[Event "51 C.I.S. Promozione Veneto 2"]
[Site "?"]
[Date "2019.03.17"]
[Round "5.2"]
[White "Pasin, Mattia"]
[Black "Khachab, Ibrahim"]
[Result "0-1"]
[WhiteElo "1851"]
[BlackElo "1932"]
[PlyCount "93"]
[EventDate "2019.??.??"]
[WhiteTeam "Scacchi Berici 1"]
[BlackTeam "I Leoncini del Perezz"]

1. d4 g6 2. c4 Bg7 3. Nc3 Nf6 4. e4 d6 5. f3 O-O 6. Nge2 a5 7. Be3 Na6 8. a3 c6
9. Ng3 Qc7 10. Be2 Bd7 11. O-O h5 12. Qd2 h4 13. Nh1 h3 14. g3 c5 15. d5 Kh7
16. Nf2 Rh8 17. f4 Qc8 18. e5 Ng4 19. Bxg4 Bxg4 20. e6 fxe6 21. Nxg4 exd5 22.
Nxd5 Qxg4 23. Nxe7 Rae8 24. Qxd6 Rd8 25. Qb6 Rhe8 26. Nd5 Rxd5 27. cxd5 Rxe3
28. Rf2 Rf3 29. Qxb7 Kh6 30. Rc2 Bd4+ 31. Kh1 Rxg3 32. hxg3 Qxg3 33. Qf7 Qf3+
34. Kh2 Be5 35. fxe5 Qxf7 36. Rg1 Qf4+ 37. Rg3 Qxe5 38. Rd2 Nb8 39. d6 Nd7 40.
Kxh3 Qe1 41. Rgg2 g5 42. Rge2 Qh4+ 43. Kg2 Qf4 44. Re6+ Kh5 45. Rd1 Nf6 46. Kg1
Ng4 47. Kh1 0-1

[Event "51 C.I.S. Promozione Veneto 2"]
[Site "?"]
[Date "2019.03.17"]
[Round "5.3"]
[White "Righi, Francesco"]
[Black "Vitalini, Marco"]
[Result "1-0"]
[WhiteElo "1816"]
[BlackElo "1637"]
[PlyCount "99"]
[EventDate "2019.??.??"]
[WhiteTeam "I Leoncini del Perezz"]
[BlackTeam "Scacchi Berici 1"]

1. e4 e6 2. d4 d5 3. Nc3 Nf6 4. Bg5 Be7 5. e5 Nfd7 6. h4 a6 7. Qg4 f6 8. Bf4
fxe5 9. dxe5 O-O 10. Qxe6+ Kh8 11. Nxd5 Nf6 12. Qxe7 Nxd5 13. Qxd8 Rxd8 14.
O-O-O Nc6 15. Bg5 Rd7 16. Nf3 h6 17. Bd2 Re7 18. Bxh6 Ncb4 19. Bc4 Nb6 20. Bg5
Nxc4 21. Bxe7 Nxa2+ 22. Kb1 Be6 23. Ng5 Re8 24. Nxe6 Rxe7 25. Rd8+ Kh7 26. Ng5+
Kg6 27. Kxa2 Rxe5 28. Rd4 Ra5+ 29. Kb1 b5 30. Nf3 Ra4 31. Re1 Kf6 32. b3 Na3+
33. Kb2 Rxd4 34. Nxd4 b4 35. c4 a5 36. Nc6 a4 37. Nxb4 c5 38. Nd3 axb3 39. Kxa3
Kg6 40. Nxc5 Kh7 41. Nxb3 Kh6 42. c5 Kh7 43. c6 Kh6 44. c7 Kh7 45. c8=Q Kh6 46.
g4 Kh7 47. Qf5+ g6 48. Re7+ Kg8 49. Qf7+ Kh8 50. Re8# 1-0

[Event "51 C.I.S. Promozione Veneto 2"]
[Site "?"]
[Date "2019.03.17"]
[Round "5.4"]
[White "Biasiolo, Michele"]
[Black "Bonini, Roberto"]
[Result "1/2-1/2"]
[WhiteElo "1565"]
[BlackElo "1735"]
[PlyCount "95"]
[EventDate "2019.??.??"]
[WhiteTeam "Scacchi Berici 1"]
[BlackTeam "I Leoncini del Perezz"]

1. e4 c5 2. a4 Nc6 3. c4 Nf6 4. Nc3 g6 5. Nf3 Bg7 6. d3 d6 7. Be3 Ng4 8. Bd2
Nge5 9. Be2 Nxf3+ 10. Bxf3 Nd4 11. Rb1 O-O 12. Nb5 f5 13. Nxd4 Bxd4 14. O-O a5
15. Bc3 e5 16. Bxd4 exd4 17. Re1 Qc7 18. Qc2 Bd7 19. Re2 Rae8 20. Rbe1 f4 21.
Qb3 Re5 22. Qd1 g5 23. h3 Qc8 24. Rd2 Rf7 25. Bg4 h6 26. f3 Rh7 27. Kf2 Qe8 28.
Bxd7 Rxd7 29. Qb3 h5 30. Ke2 g4 31. hxg4 hxg4 32. Kd1 Qh5 33. Rf1 gxf3 34. gxf3
Rg5 35. Kc1 Rg3 36. Rdf2 Rdg7 37. Kd2 Rg2 38. Qd1 Qh4 39. Ke2 Kf7 40. Qb3 Ke6
41. Qb5 Qd8 42. Rh1 Rxf2+ 43. Kxf2 Qg8 44. Kf1 Rh7 45. Rxh7 Qxh7 46. Qe8+ Qe7
47. Qxe7+ Kxe7 48. Kg2 1/2-1/2

[Event "51 C.I.S. Promozione Veneto 2"]
[Site "?"]
[Date "2019.03.17"]
[Round "5.1"]
[White "Macalello, Angelo"]
[Black "Fava, Giacomo"]
[Result "1/2-1/2"]
[WhiteElo "1618"]
[BlackElo "1440"]
[PlyCount "63"]
[EventDate "2019.??.??"]
[WhiteTeam "I Cavalli del Battinelli"]
[BlackTeam "Valpolicella B"]

1. d4 d5 2. c4 c6 3. Nc3 Bf5 4. cxd5 cxd5 5. Qb3 Nf6 6. Qxb7 Nbd7 7. Nb5 Rc8 8.
Qxa7 e6 9. Bd2 Ne4 10. Ba5 Nb6 11. a3 Rc6 12. e3 Qc8 13. Nc3 Nxc3 14. bxc3 Nc4
15. Bxc4 Rxc4 16. Ne2 Rc6 17. Bb6 Rxc3 18. O-O Rc4 19. Rfc1 Bd3 20. Rxc4 dxc4
21. Qa4+ Ke7 22. Bc5+ Kd8 23. Qa5+ Ke8 24. Nf4 Bxc5 25. Qxc5 Qxc5 26. dxc5 Ke7
27. Nxd3 cxd3 28. Rd1 Rc8 29. Rxd3 Rxc5 30. Kf1 Rc2 31. Ke1 Ra2 32. Kf1 1/2-1/2

[Event "51 C.I.S. Promozione Veneto 2"]
[Site "?"]
[Date "2019.03.17"]
[Round "5.2"]
[White "Mamaliga, Daniel"]
[Black "Leone, Cataldo"]
[Result "1/2-1/2"]
[WhiteElo "1422"]
[BlackElo "1490"]
[PlyCount "83"]
[EventDate "2019.??.??"]
[WhiteTeam "Valpolicella B"]
[BlackTeam "I Cavalli del Battinelli"]

1. e4 e5 2. Nf3 Nc6 3. Bc4 Bc5 4. O-O d6 5. d3 Na5 6. Bd5 c6 7. Bb3 Nxb3 8.
axb3 h6 9. Nc3 a6 10. h3 Nf6 11. Qe2 Be6 12. Be3 Bxe3 13. Qxe3 Qd7 14. Nh2 O-O
15. Ne2 Rad8 16. c3 d5 17. c4 d4 18. Qg3 Qd6 19. f4 exf4 20. Qxf4 Qxf4 21. Nxf4
c5 22. Ra4 Bd7 23. Ra5 Rc8 24. Re1 Rc6 25. Nd5 Nxd5 26. exd5 Rcc8 27. Re7 Bf5
28. Rxb7 Bxd3 29. Rxa6 Bc2 30. Rc6 d3 31. Nf3 Ra8 32. d6 Kh7 33. d7 Bd1 34. Nd2
Rfd8 35. Rbc7 Ra1 36. Rc8 Rxd7 37. Rxc5 Bxb3+ 38. Kh2 Bc2 39. Rd5 Rxd5 40. cxd5
Re1 41. d6 Ba4 42. b3 1/2-1/2

[Event "51 C.I.S. Promozione Veneto 2"]
[Site "?"]
[Date "2019.03.17"]
[Round "5.3"]
[White "Antolini, Aldo"]
[Black "Popa, Elisa Sofia"]
[Result "0-1"]
[WhiteElo "1560"]
[BlackElo "1389"]
[PlyCount "120"]
[EventDate "2019.??.??"]
[WhiteTeam "I Cavalli del Battinelli"]
[BlackTeam "Valpolicella B"]

1. g4 e5 2. Bg2 d6 3. d4 f6 4. dxe5 fxe5 5. Nc3 c6 6. h3 Be6 7. Nf3 Nd7 8. Bg5
Ngf6 9. Ne4 Qc7 10. Nxf6+ gxf6 11. Bh4 Be7 12. Qd2 O-O-O 13. Qe3 Kb8 14. Nd4
Bf7 15. Nf5 Nc5 16. Nxe7 Qxe7 17. Qc3 Rd7 18. Qf3 Rf8 19. Qxf6 Qxf6 20. Bxf6
Bd5 21. Bxd5 Rxf6 22. Bg2 Rdf7 23. O-O d5 24. b3 d4 25. Rac1 h6 26. c3 b6 27.
cxd4 exd4 28. Rcd1 Rf4 29. Bxc6 Kc7 30. Bg2 Re7 31. Rd2 Ref7 32. Rc2 Kd6 33.
Rd2 Kc7 34. Rc2 Kd6 35. b4 Na4 36. Rc6+ Kd7 37. Rxh6 Nc3 38. Bc6+ Kc7 39. Bf3
Nxa2 40. b5 Nc3 41. Rh5 Re7 42. Rc1 Kd6 43. Rh6+ Kd7 44. Bc6+ Kc7 45. e3 Ne2+
46. Kg2 Nxc1 47. exf4 d3 48. Bf3 d2 49. Rc6+ Kd7 50. f5 Ne2 51. Re6 d1=Q 52.
Rxe7+ Kxe7 53. Bxe2 Qxe2 54. Kg3 Qxb5 55. Kh4 Kf6 56. Kh5 Qe8+ 57. Kh4 Qh8+ 58.
Kg3 b5 59. Kf4 Qh6+ 60. Kg3 b4 0-1

[Event "51 C.I.S. Promozione Veneto 2"]
[Site "?"]
[Date "2019.03.17"]
[Round "5.4"]
[White "Mandora, Gabriele"]
[Black "Nico, Michele"]
[Result "0-1"]
[WhiteElo "1413"]
[BlackElo "1445"]
[PlyCount "86"]
[EventDate "2019.??.??"]
[WhiteTeam "Valpolicella B"]
[BlackTeam "I Cavalli del Battinelli"]

1. d4 e6 2. e4 d5 3. e5 c5 4. Nf3 Nc6 5. Nc3 cxd4 6. Nxd4 Nxe5 7. Bb5+ Bd7 8.
Bxd7+ Qxd7 9. O-O Bc5 10. Be3 Bb6 11. Qe2 Ng6 12. h3 Nf6 13. Rad1 O-O 14. Qd3
Rad8 15. Bg5 e5 16. Bxf6 gxf6 17. Nde2 Ne7 18. Ng3 f5 19. Rfe1 e4 20. Qd2 Qd6
21. Qg5+ Qg6 22. Qxe7 Qxg3 23. Re2 Qg6 24. Nxd5 Qe6 25. Red2 Rxd5 26. Qxe6 fxe6
27. Rxd5 exd5 28. Rxd5 e3 29. fxe3 Bxe3+ 30. Kf1 f4 31. Rg5+ Kh8 32. Ke2 f3+
33. gxf3 Bxg5 34. b3 Re8+ 35. Kd3 Re3+ 36. Kc4 Rxf3 37. a4 Rxh3 38. Kb4 Bd2+
39. Kb5 Rc3 40. b4 Rxc2 41. Ka5 Rb2 42. Kb5 Rxb4+ 43. Ka5 Rb6# 0-1

[Event "51 C.I.S. Promozione Veneto 2"]
[Site "?"]
[Date "2019.03.17"]
[Round "5.1"]
[White "Scandiuzzi, Roberto"]
[Black "Lucich, Gianni"]
[Result "1/2-1/2"]
[WhiteElo "1303"]
[BlackElo "1563"]
[PlyCount "50"]
[EventDate "2019.??.??"]
[WhiteTeam "Micha Promozione"]
[BlackTeam "L'Alfiere"]

1. d4 d5 2. c4 c6 3. Nf3 Nf6 4. Bg5 e6 5. Nc3 Be7 6. e3 O-O 7. cxd5 exd5 8. Be2
Bf5 9. Qb3 Qb6 10. Qxb6 axb6 11. O-O h6 12. Bf4 Nbd7 13. h3 Rfe8 14. a3 b5 15.
b4 Bd8 16. Rfc1 Nb6 17. Nd2 Re7 18. Bf3 Bg6 19. Be5 Nfd7 20. Bh2 Nf6 21. Bd6
Re8 22. Be5 Nfd7 23. Bh2 Nf6 24. Be2 Re7 25. Bd6 Re8 1/2-1/2

[Event "51 C.I.S. Promozione Veneto 2"]
[Site "?"]
[Date "2019.03.17"]
[Round "5.2"]
[White "Steffenato, Stefano"]
[Black "Cannella, Jacopo"]
[Result "1/2-1/2"]
[WhiteElo "1535"]
[BlackElo "1240"]
[PlyCount "125"]
[EventDate "2019.??.??"]
[WhiteTeam "L'Alfiere"]
[BlackTeam "Micha Promozione"]

1. e4 e6 2. d3 d5 3. Nd2 c5 4. f4 Nc6 5. Ngf3 Nge7 6. Be2 Ng6 7. exd5 exd5 8.
Nb3 Bf5 9. O-O Be7 10. Be3 Qb6 11. a4 a5 12. Ne5 Ngxe5 13. fxe5 Bg6 14. Bf3 Rd8
15. Qe2 Nxe5 16. Rae1 Nxf3+ 17. Rxf3 O-O 18. Qf2 Rc8 19. Bd2 Bf6 20. Bxa5 Qa7
21. Rxf6 gxf6 22. Qxf6 Rc6 23. Qf2 b6 24. Bd2 Qd7 25. Qf3 Qf5 26. Qg3 Kh8 27.
Re5 Qd7 28. Bh6 Re8 29. Nd2 Rxe5 30. Qxe5+ f6 31. Qb8+ Qe8 32. Qg3 Qe5 33. Qxe5
fxe5 34. Bg5 Kg7 35. g4 e4 36. dxe4 dxe4 37. Be3 h6 38. h4 Rc7 39. Nc4 Rb7 40.
Kf2 Rb8 41. c3 b5 42. axb5 Rxb5 43. Kg3 Bf7 44. Nd6 Rxb2 45. Nxf7 Kxf7 46. Bxc5
Rb8 47. Kf4 Re8 48. Be3 Kf6 49. c4 Rc8 50. c5 Re8 51. Bd4+ Kg6 52. Be3 Re6 53.
Bd4 Kf7 54. Be3 Ke8 55. Kf5 Ke7 56. g5 hxg5 57. hxg5 Kf7 58. g6+ Rxg6 59. Kxe4
Rc6 60. Kd5 Rc8 61. Bf4 Ke7 62. Bd6+ Kd7 63. Be5 1/2-1/2

[Event "51 C.I.S. Promozione Veneto 2"]
[Site "?"]
[Date "2019.03.17"]
[Round "5.3"]
[White "Intorcia, Michele"]
[Black "Steffenato, Alberto"]
[Result "0-1"]
[WhiteElo "1192"]
[BlackElo "1290"]
[PlyCount "102"]
[EventDate "2019.??.??"]
[WhiteTeam "Micha Promozione"]
[BlackTeam "L'Alfiere"]

1. e4 d5 2. exd5 Qxd5 3. Nc3 Qa5 4. d4 Nc6 5. Nf3 Bg4 6. Be2 O-O-O 7. Be3 Nf6
8. Qd2 e5 9. d5 Nxd5 10. Nxd5 Qxd2+ 11. Bxd2 Rxd5 12. h3 Bf5 13. O-O-O Nd4 14.
Nxd4 Rxd4 15. Be3 Rxd1+ 16. Rxd1 Bd6 17. Bxa7 Rd8 18. Be3 Be7 19. Bc4 Rxd1+ 20.
Kxd1 f6 21. c3 Kd7 22. b4 h6 23. Ke2 Kd6 24. a4 e4 25. a5 Be6 26. Bxe6 Kxe6 27.
b5 Kd7 28. a6 bxa6 29. bxa6 Kc8 30. Bd4 c5 31. Be3 Kb8 32. Bd2 Ka7 33. Ke3 f5
34. g4 g6 35. f3 fxg4 36. fxg4 h5 37. gxh5 gxh5 38. Kxe4 Kxa6 39. Kd5 -- 40.
Kc6 Ka5 41. Be3 c4 42. Bc5 Bf6 43. Kd5 Bg7 44. Ke4 Bf6 45. Kf5 Bd8 46. Kg6 h4
47. Kf5 Ka4 48. Kg6 Kb3 49. Kf5 Bc7 50. Ke4 Bg3 51. Kd4 Be1 {Il resto della
partita è incomprensibile all'uman intelletto} 0-1

[Event "51 C.I.S. Promozione Veneto 2"]
[Site "?"]
[Date "2019.03.17"]
[Round "5.4"]
[White "Conte, Edoardo"]
[Black "Andreose, Pietro"]
[Result "1/2-1/2"]
[WhiteElo "1402"]
[BlackElo "1341"]
[PlyCount "51"]
[EventDate "2019.??.??"]
[WhiteTeam "L'Alfiere"]
[BlackTeam "Micha Promozione"]

1. e4 g6 2. d4 Bg7 3. Nf3 d6 4. Bf4 a6 5. h3 b5 6. Nc3 Bb7 7. Bd3 Nf6 8. a3 O-O
9. O-O c5 10. dxc5 dxc5 11. Re1 Nc6 12. Ne5 Nd4 13. Nf3 Rc8 14. Nxd4 Qxd4 15.
Qf3 Qd8 16. Rad1 Qb6 17. Qg3 Nh5 18. Qg4 Nxf4 19. Qxf4 Qc7 20. Qg4 e6 21. Re3
Rcd8 22. Rg3 c4 23. Be2 Rxd1+ 24. Nxd1 Rd8 25. h4 Rd2 26. h5 1/2-1/2